| 000 | 00562cam a2200169 4500 | ||
|---|---|---|---|
| 999 |
_c4623 _d4623 |
||
| 008 | 221003s2013 nyuabf j b 000 0 eng | ||
| 010 | _a2012024488 | ||
| 020 |
_a9780448462899 _q(pbk.) : _cNT$210 |
||
| 050 | 0 | 0 |
_aF865 _b.H697 2013 |
| 082 | 0 |
_a979.404 HOL _bH758 |
|
| 100 | 1 |
_aHolub, Joan, _eaut. |
|
| 245 | 1 | 0 |
_aWhat was the Gold Rush? / _cby Joan Holub ; illustrated by Tim Tomkinson. |
| 260 |
_aNew York : _bPenguin Workshop, _cc2013. |
||
| 300 |
_a105 p., [16] p. of plates : _bill., maps ; _c20 cm. |
||
| 500 | _a"An official Who HQ book"--Cover. | ||
| 942 | _2ddc | ||